000 00251nam a2200109Ia 4500
008 190216s9999||||xx |||||||||||||| ||und||
100 _aChandran Mundasseri
245 0 _aDwani
260 _bSahakarana Sangam
650 _aMalayalam Novel
942 _cBK
999 _c24935
_d24935